| 000 | nam a22 7a 4500 | ||
|---|---|---|---|
| 999 |
_c329533 _d329533 |
||
| 003 | NUST | ||
| 005 | 20170512130210.0 | ||
| 008 | 170512b xxu||||| |||| 00| 0 eng d | ||
| 020 | _a812390830x | ||
| 040 | _c0 | ||
| 082 | _a540.03 SHA | ||
| 100 |
_aSharma,j.L. _9632 |
||
| 245 |
_aCondensed Chemical Dictionary _cJ.l.Sharma |
||
| 260 |
_aNew Delhi _bCBS Pub _c2002 |
||
| 300 | _a1503p. | ||
| 500 | _aP.B | ||
| 942 |
_2ddc _cBK _k540.03 SHA |
||